Régions de Finlande sur une carte - Statistiques

Statistiques générales
  • Ce quiz a été pris 1 019 fois
  • Le résultat moyen est 7 sur 19
Réponses sur la Carte
Les réponses sont colorées sur une échelle allant du rouge au vert en fonction du pourcentage des utilisateurs qui les ont devinées à leur premier essai. Vous pouvez retrouver ces pourcentages ci-dessous.
 
Statistiques - réponses
Réponse % Correct
Laponie
94%
Carélie du Nord
51%
Carélie du Sud
51%
Åland
49%
Ostrobotnie
45%
Ostrobotnie du Nord
42%
Ostrobotnie du Sud
41%
Savonie du Nord
41%
Savonie du Sud
41%
Finlande centrale
39%
Ostrobotnie centrale
37%
Finlande propre
31%
Uusimaa
28%
Cajanie
22%
Satakunta
18%
Vallée de la Kymi
17%
Pirkanmaa
16%
Kanta-Häme
15%
Päijät-Häme
13%
Aucun quiz correspondant
Distribution des résultats
% des personnes avec chaque résultat
Percentile par nombre de réponses
Votre historique - résultats
Vous n’avez pas pris ce quiz